000 01163cab a2200193 4500
001 WB4005-18
008 040204n2004 000 0 eng u
035 _a(Sirsi) u125015
245 _aLand prices hit record high.
260 _c2004
490 _aRICS Press Release
_v2 February 2004(3)
520 _aThe "RICS rural land market survey" for the forth quarter of 2003, shows that individual non-farmer buyers now account for 51 percent of the market, which is an increase on the 45 percent from the previous quarter. In the southeast the forth quarter figure stood at 65 percent. This activity is supported by buyers who are not waiting the outcome to changes to agricultural policy both from the government and the EU, whilst many farmers are holding back. to view the survey go to: http://www.rics.org/ricscms/bin/show?class=MarketS urvey&template=/includes/showmarketsurvey.html&id= 80. http://www.rics.org/ricscms/bin/show?class=PressRe lease&template=/includes/showpr.html&id=1108.
590 _aWB
650 _aRICS RURAL LAND MARKET SURVEY GREAT BRITAIN
650 _aFARMS
650 _aLAND PURCHASE
690 _aRURAL-MARKET
942 _n0
999 _c74110
_d74110